000 00323nam a2200133Ia 4500
005 20260328101530.0
008 260328s9999||||xx |||||||||||||| ||und||
100 _aWaisman, Marina
245 0 _aLa Arquitectura descentrada /
_cMarina Waisman
260 _bEscala
300 _a119 p.
650 _aARQUITECTURA
942 _cBK
999 _c9938
_d9938